Dopad finančnej krízy na financovanie verejného sektora v SR bakalárska práca

Enregistré dans:
Détails bibliographiques
Auteur principal: Lipovská, Miroslava
Collectivité auteur: Národohospodárska fakulta EU. Katedra financií
Autres auteurs: Novák, Marcel, 1979-
Format: Livre
Langue:slovaque
Publié: Bratislava 2010
Tags: Ajouter un tag
Pas de tags, Soyez le premier à ajouter un tag!

MARC

LEADER 00000nam$a2200000$$$4500
001 0136454
005 20240320074036.7
041 0 |a slo 
044 |a SK 
245 1 0 |a Dopad finančnej krízy na financovanie verejného sektora v SR  |b bakalárska práca  |c Miroslava Lipovská ; školiteľ: Marcel Novák 
264 1 |a Bratislava  |c 2010 
300 |a 43 s. 
100 1 |a Lipovská, Miroslava 
700 1 |a Novák, Marcel, 1979- 
710 2 |a Národohospodárska fakulta EU. Katedra financií